000 00347nam a2200145Ia 4500
008 230312s9999||||xx |||||||||||||| ||und||
020 _a3-7165-1577-8
082 _a759
_bWIS-B
100 _aWisniewska;Karina
245 0 _aBewegte Silent Stille Dynamism
260 _bBeneti
_aUK
_c2009
300 _a176
650 _aArchitecture
942 _cBK
999 _c12043
_d12043